Teorías de la educación: innovaciones importantes en el pensamiento educativo occidental

Furkejuvvon:
Bibliográfalaš dieđut
Váldodahkkit: Bowen, James (Dahkki), Hobson, R. Peter (Dahkki)
Materiálatiipa: Girji
Giella:espánnjágiella
Almmustuhtton: Ciudad de México Limusa 1990
Ráidu:Area Psicología y Pedagogía
Fáttát:
Fáddágilkorat: Lasit fáddágilkoriid
Eai fáddágilkorat, Lasit vuosttaš fáddágilkora!

MARC

LEADER 00000nam a2200000 a 4500
001 UCW5264
003 CL-VaPUC
008 910318e19900000MX |||||||||||||||||spa|d
020 |a 968180127X 
082 0 4 |a 370.1  |b BOW  |2 21 
100 0 |a Bowen, James  |e author  |9 310163 
700 |a Hobson, R. Peter  |e author  |9 518763 
245 1 0 |a Teorías de la educación: innovaciones importantes en el pensamiento educativo occidental 
300 |a 452 p 
942 |c BK 
945 |d 19910318 00:00:00 
260 |a Ciudad de México  |b Limusa  |c 1990 
650 0 |a Teoría de la educación   |9 309368 
650 0 |a Filosofía de la educación   |9 258384 
583 |a last modification  |c 19910318 00:00:00  |k Rodrigo Vera 
490 0 |a Area Psicología y Pedagogía 
999 |c 218741  |d 218739 
952 |0 0  |1 0  |4 0  |6 370_100000000000000_BOW_1990  |7 0  |8 A  |9 208802  |a BIBEDU  |b BIBEDU  |d 2019-11-15  |i 4191412  |o 370.1 BOW 1990  |p 4191412  |r 2019-11-15  |w 2019-11-15  |y BK  |k EDU 
952 |0 0  |1 0  |4 0  |6 370_100000000000000_BOW_1990  |7 0  |8 A  |9 208803  |a BIBCUR  |b BIBCUR  |d 2019-11-15  |i 2766132  |o 370.1 BOW 1990  |p 2766132  |r 2025-04-22  |w 2019-11-15  |y BK  |k BCB